000 00491nmm a2200169Ia 4500
008 251105s9999||||xx |||||||||||||||||und||
020 _a9788426717702
041 _aspa
100 _aDiego Gauchat, Juan
245 0 _aEl gran libro de HTML5, CSS3 y Javascript
264 _a[Madrid, España] :
_bMarcombo,
_c2012
300 _a374 páginas
490 _aEl gran libro de
650 _aTechnology and computing
856 _uhttps://public.digitaliapublishing.com/a/17121
942 _cCF
999 _c80518
_d80518